00271nam a2200121Ia 4500008004100000100001600041245002100057260002600078300000800104650001300112942000700125999001700132190216s9999||||xx |||||||||||||| ||und|| aKesavadev P 0aDevinde Kathakal bPoorna Pubs Kozhikode a208 aKathakal cBK c27003d27003